| 000 | 00835nam a22002177a 4500 | ||
|---|---|---|---|
| 003 | UA-OsUOA | ||
| 001 | 39551 | ||
| 007 | ta | ||
| 008 | 20060621b un ||||| |||| 00| 0 ukr d | ||
| 100 | _aМанкевич А.И. | ||
| 090 |
_a655.026 _bМ23 |
||
| 942 | _cBK | ||
| 040 |
_aUA-OsUOA _cUA-OsUOA _dUA-OsUOA |
||
| 245 | _aСборник статей и материалов библиотеки Академии Наук СССР по книговедению (К 400-летию русского книгопечатания) | ||
| 300 | _a340 с. | ||
| 955 | _a0 | ||
| 080 | _a655.026 | ||
| 260 |
_aЛенинград _c1956 |
||
| 650 | 7 |
_a655 Поліграфічна промисловість. Поліграфічні підприємства. Видавництва. Книжкова торгівля _2UDC |
|
| 999 |
_c325694 _d325694 |
||